<?xml version="1.0" encoding="UTF-8"?>
<record
    xmlns:xsi="http://www.w3.org/2001/XMLSchema-instance"
    xsi:schemaLocation="http://www.loc.gov/MARC21/slim http://www.loc.gov/standards/marcxml/schema/MARC21slim.xsd"
    xmlns="http://www.loc.gov/MARC21/slim">

  <leader>01006nas a2200253 u 4500</leader>
  <controlfield tag="001">266812</controlfield>
  <controlfield tag="005">20251112100859.0</controlfield>
  <controlfield tag="008">980803uuuuuuuuu                    spa  </controlfield>
  <datafield tag="035" ind1=" " ind2=" ">
    <subfield code="a">266812</subfield>
  </datafield>
  <datafield tag="040" ind1=" " ind2=" ">
    <subfield code="c">comduadb</subfield>
  </datafield>
  <datafield tag="041" ind1=" " ind2=" ">
    <subfield code="a">spa</subfield>
  </datafield>
  <datafield tag="100" ind1="1" ind2="0">
    <subfield code="a">Calle Gomez, Nora</subfield>
    <subfield code="4">com</subfield>
    <subfield code="e">com</subfield>
    <subfield code="9">288899</subfield>
  </datafield>
  <datafield tag="245" ind1="1" ind2="3">
    <subfield code="a">El Colombiano : &#xCD;ndice de Aspectos Socio-econ&#xF3;micos y Pol&#xED;ticos (Medell&#xED;n)</subfield>
  </datafield>
  <datafield tag="260" ind1=" " ind2=" ">
    <subfield code="a">Medell&#xED;n :</subfield>
    <subfield code="b">Universidad de Antioquia, Centro de Investigaciones Economicas,</subfield>
    <subfield code="c">1977.</subfield>
  </datafield>
  <datafield tag="500" ind1=" " ind2=" ">
    <subfield code="a">"Publicacion patrocinada por El Colombiano, Medellin".</subfield>
  </datafield>
  <datafield tag="610" ind1="2" ind2="4">
    <subfield code="a">El Colombiano (Peri&#xF3;dico)</subfield>
    <subfield code="9">830189</subfield>
  </datafield>
  <datafield tag="650" ind1=" " ind2=" ">
    <subfield code="a">&#xCD;ndices</subfield>
    <subfield code="9">19629</subfield>
  </datafield>
  <datafield tag="650" ind1=" " ind2="7">
    <subfield code="a">Ciencias sociales</subfield>
    <subfield code="2">embne</subfield>
    <subfield code="9">2064</subfield>
  </datafield>
  <datafield tag="650" ind1=" " ind2=" ">
    <subfield code="a">Periodicos - Indices</subfield>
    <subfield code="9">101810</subfield>
  </datafield>
  <datafield tag="700" ind1="1" ind2="0">
    <subfield code="a">Rodr&#xED;guez G&#xF3;mez, Lourdes</subfield>
    <subfield code="4">com</subfield>
    <subfield code="e">com</subfield>
    <subfield code="9">492796</subfield>
  </datafield>
  <datafield tag="710" ind1="2" ind2="0">
    <subfield code="a">Universidad de Antioquia. Centro de Estudios Economicos</subfield>
    <subfield code="4">aut</subfield>
    <subfield code="e">aut</subfield>
    <subfield code="9">830892</subfield>
  </datafield>
  <datafield tag="787" ind1="0" ind2="8">
    <subfield code="i">V&#xE9;ase Adem&#xE1;s</subfield>
    <subfield code="t">Indice del periodico El Colombiano (Aspectos socioeconomicos y politicos)</subfield>
    <subfield code="w">756478</subfield>
  </datafield>
  <datafield tag="942" ind1=" " ind2=" ">
    <subfield code="c">REVISTA</subfield>
  </datafield>
  <datafield tag="999" ind1=" " ind2=" ">
    <subfield code="c">99399</subfield>
    <subfield code="d">99399</subfield>
  </datafield>
  <datafield tag="952" ind1=" " ind2=" ">
    <subfield code="0">0</subfield>
    <subfield code="1">0</subfield>
    <subfield code="4">0</subfield>
    <subfield code="7">0</subfield>
    <subfield code="8">PERIODICOS</subfield>
    <subfield code="a">BC</subfield>
    <subfield code="b">BC</subfield>
    <subfield code="h">Volumen 05, N&#xFA;mero 03, Septiembre-Diciembre 1981</subfield>
    <subfield code="l">0</subfield>
    <subfield code="o">e1</subfield>
    <subfield code="p">61000005082712</subfield>
    <subfield code="y">REVISTAI</subfield>
  </datafield>
  <datafield tag="952" ind1=" " ind2=" ">
    <subfield code="0">0</subfield>
    <subfield code="1">0</subfield>
    <subfield code="4">0</subfield>
    <subfield code="7">0</subfield>
    <subfield code="8">PERIODICOS</subfield>
    <subfield code="a">BC</subfield>
    <subfield code="b">BC</subfield>
    <subfield code="h">Volumen 02, N&#xFA;mero 01-02, Enero-Abril 1978</subfield>
    <subfield code="l">0</subfield>
    <subfield code="o">e1</subfield>
    <subfield code="p">61000005082804</subfield>
    <subfield code="y">REVISTAI</subfield>
  </datafield>
  <datafield tag="952" ind1=" " ind2=" ">
    <subfield code="0">0</subfield>
    <subfield code="1">0</subfield>
    <subfield code="4">0</subfield>
    <subfield code="7">0</subfield>
    <subfield code="8">PERIODICOS</subfield>
    <subfield code="a">BC</subfield>
    <subfield code="b">BC</subfield>
    <subfield code="h">Volumen 03, N&#xFA;mero 03, Septiembre-Diciembre 1979</subfield>
    <subfield code="l">0</subfield>
    <subfield code="o">e3</subfield>
    <subfield code="p">61000005082637</subfield>
    <subfield code="y">REVISTAI</subfield>
  </datafield>
  <datafield tag="952" ind1=" " ind2=" ">
    <subfield code="0">0</subfield>
    <subfield code="1">0</subfield>
    <subfield code="4">0</subfield>
    <subfield code="7">0</subfield>
    <subfield code="8">PERIODICOS</subfield>
    <subfield code="a">BC</subfield>
    <subfield code="b">BC</subfield>
    <subfield code="h">Volumen 06, N&#xFA;mero 01, Enero-Abril 1982</subfield>
    <subfield code="l">0</subfield>
    <subfield code="o">e1</subfield>
    <subfield code="p">61000005082903</subfield>
    <subfield code="y">REVISTAI</subfield>
  </datafield>
  <datafield tag="952" ind1=" " ind2=" ">
    <subfield code="0">0</subfield>
    <subfield code="1">0</subfield>
    <subfield code="4">0</subfield>
    <subfield code="7">0</subfield>
    <subfield code="8">PERIODICOS</subfield>
    <subfield code="a">BC</subfield>
    <subfield code="b">BC</subfield>
    <subfield code="h">Volumen 07, N&#xFA;mero 01, Enero-Abril 1983</subfield>
    <subfield code="l">0</subfield>
    <subfield code="o">e2</subfield>
    <subfield code="p">61000005082897</subfield>
    <subfield code="y">REVISTAI</subfield>
  </datafield>
  <datafield tag="952" ind1=" " ind2=" ">
    <subfield code="0">0</subfield>
    <subfield code="1">0</subfield>
    <subfield code="4">0</subfield>
    <subfield code="7">0</subfield>
    <subfield code="8">PERIODICOS</subfield>
    <subfield code="a">BC</subfield>
    <subfield code="b">BC</subfield>
    <subfield code="h">Volumen 07, N&#xFA;mero 02, Mayo-Agosto 1983</subfield>
    <subfield code="l">0</subfield>
    <subfield code="o">e2</subfield>
    <subfield code="p">61000005082941</subfield>
    <subfield code="y">REVISTAI</subfield>
  </datafield>
  <datafield tag="952" ind1=" " ind2=" ">
    <subfield code="0">0</subfield>
    <subfield code="1">0</subfield>
    <subfield code="4">0</subfield>
    <subfield code="7">0</subfield>
    <subfield code="8">PERIODICOS</subfield>
    <subfield code="a">BC</subfield>
    <subfield code="b">BC</subfield>
    <subfield code="h">N&#xFA;mero 01, Enero-Abril 1977</subfield>
    <subfield code="l">0</subfield>
    <subfield code="o">e2</subfield>
    <subfield code="p">61000005082767</subfield>
    <subfield code="y">REVISTAI</subfield>
  </datafield>
  <datafield tag="952" ind1=" " ind2=" ">
    <subfield code="0">0</subfield>
    <subfield code="1">0</subfield>
    <subfield code="4">0</subfield>
    <subfield code="7">0</subfield>
    <subfield code="8">PERIODICOS</subfield>
    <subfield code="a">BC</subfield>
    <subfield code="b">BC</subfield>
    <subfield code="h">Volumen 05, N&#xFA;mero 03, Septiembre-Diciembre 1981</subfield>
    <subfield code="l">0</subfield>
    <subfield code="o">e2</subfield>
    <subfield code="p">61000005082682</subfield>
    <subfield code="y">REVISTAI</subfield>
  </datafield>
  <datafield tag="952" ind1=" " ind2=" ">
    <subfield code="0">0</subfield>
    <subfield code="1">0</subfield>
    <subfield code="4">0</subfield>
    <subfield code="7">0</subfield>
    <subfield code="8">PERIODICOS</subfield>
    <subfield code="a">BC</subfield>
    <subfield code="b">BC</subfield>
    <subfield code="h">Volumen 06, N&#xFA;mero 03, Septiembre-Diciembre 1982</subfield>
    <subfield code="l">0</subfield>
    <subfield code="o">e1</subfield>
    <subfield code="p">61000005082910</subfield>
    <subfield code="y">REVISTAI</subfield>
  </datafield>
  <datafield tag="952" ind1=" " ind2=" ">
    <subfield code="0">0</subfield>
    <subfield code="1">0</subfield>
    <subfield code="4">0</subfield>
    <subfield code="7">0</subfield>
    <subfield code="8">PERIODICOS</subfield>
    <subfield code="a">BC</subfield>
    <subfield code="b">BC</subfield>
    <subfield code="h">Volumen 03, N&#xFA;mero 01, Enero-Abril 1979</subfield>
    <subfield code="l">0</subfield>
    <subfield code="o">e2</subfield>
    <subfield code="p">61000005082583</subfield>
    <subfield code="y">REVISTAI</subfield>
  </datafield>
  <datafield tag="952" ind1=" " ind2=" ">
    <subfield code="0">0</subfield>
    <subfield code="1">0</subfield>
    <subfield code="4">0</subfield>
    <subfield code="7">0</subfield>
    <subfield code="8">PERIODICOS</subfield>
    <subfield code="a">BC</subfield>
    <subfield code="b">BC</subfield>
    <subfield code="h">Volumen 03, N&#xFA;mero 02, Mayo-Agosto 1979</subfield>
    <subfield code="l">0</subfield>
    <subfield code="o">e2</subfield>
    <subfield code="p">61000005082590</subfield>
    <subfield code="y">REVISTAI</subfield>
  </datafield>
  <datafield tag="952" ind1=" " ind2=" ">
    <subfield code="0">0</subfield>
    <subfield code="1">0</subfield>
    <subfield code="4">0</subfield>
    <subfield code="7">0</subfield>
    <subfield code="8">PERIODICOS</subfield>
    <subfield code="a">BC</subfield>
    <subfield code="b">BC</subfield>
    <subfield code="h">N&#xFA;mero 03, Septiembre-Diciembre 1977</subfield>
    <subfield code="l">0</subfield>
    <subfield code="o">e1</subfield>
    <subfield code="p">61000005082873</subfield>
    <subfield code="y">REVISTAI</subfield>
  </datafield>
  <datafield tag="952" ind1=" " ind2=" ">
    <subfield code="0">0</subfield>
    <subfield code="1">0</subfield>
    <subfield code="4">0</subfield>
    <subfield code="7">0</subfield>
    <subfield code="8">PERIODICOS</subfield>
    <subfield code="a">BC</subfield>
    <subfield code="b">BC</subfield>
    <subfield code="h">Volumen 04, N&#xFA;mero 01, Enero-Abril 1980</subfield>
    <subfield code="l">0</subfield>
    <subfield code="o">e2</subfield>
    <subfield code="p">61000005082699</subfield>
    <subfield code="y">REVISTAI</subfield>
  </datafield>
  <datafield tag="952" ind1=" " ind2=" ">
    <subfield code="0">0</subfield>
    <subfield code="1">0</subfield>
    <subfield code="4">0</subfield>
    <subfield code="7">0</subfield>
    <subfield code="8">PERIODICOS</subfield>
    <subfield code="a">BC</subfield>
    <subfield code="b">BC</subfield>
    <subfield code="h">Volumen 02, N&#xFA;mero 03, Septiembre-Diciembre 1978</subfield>
    <subfield code="l">0</subfield>
    <subfield code="o">e1</subfield>
    <subfield code="p">61000005082781</subfield>
    <subfield code="y">REVISTAI</subfield>
  </datafield>
  <datafield tag="952" ind1=" " ind2=" ">
    <subfield code="0">0</subfield>
    <subfield code="1">0</subfield>
    <subfield code="4">0</subfield>
    <subfield code="7">0</subfield>
    <subfield code="8">PERIODICOS</subfield>
    <subfield code="a">BC</subfield>
    <subfield code="b">BC</subfield>
    <subfield code="h">Volumen 03, N&#xFA;mero 03, Septiembre-Diciembre 1979</subfield>
    <subfield code="l">0</subfield>
    <subfield code="o">e1</subfield>
    <subfield code="p">61000005082651</subfield>
    <subfield code="y">REVISTAI</subfield>
  </datafield>
  <datafield tag="952" ind1=" " ind2=" ">
    <subfield code="0">0</subfield>
    <subfield code="1">0</subfield>
    <subfield code="4">0</subfield>
    <subfield code="7">0</subfield>
    <subfield code="8">PERIODICOS</subfield>
    <subfield code="a">BC</subfield>
    <subfield code="b">BC</subfield>
    <subfield code="h">N&#xFA;mero 02, Mayo-Agosto 1977</subfield>
    <subfield code="l">0</subfield>
    <subfield code="o">e2</subfield>
    <subfield code="p">61000005082743</subfield>
    <subfield code="y">REVISTAI</subfield>
  </datafield>
  <datafield tag="952" ind1=" " ind2=" ">
    <subfield code="0">0</subfield>
    <subfield code="1">0</subfield>
    <subfield code="4">0</subfield>
    <subfield code="7">0</subfield>
    <subfield code="8">PERIODICOS</subfield>
    <subfield code="a">BC</subfield>
    <subfield code="b">BC</subfield>
    <subfield code="h">Volumen 04, N&#xFA;mero 03, Septiembre-Diciembre 1980</subfield>
    <subfield code="l">0</subfield>
    <subfield code="o">e2</subfield>
    <subfield code="p">61000005082729</subfield>
    <subfield code="y">REVISTAI</subfield>
  </datafield>
  <datafield tag="952" ind1=" " ind2=" ">
    <subfield code="0">0</subfield>
    <subfield code="1">0</subfield>
    <subfield code="4">0</subfield>
    <subfield code="7">0</subfield>
    <subfield code="8">PERIODICOS</subfield>
    <subfield code="a">BC</subfield>
    <subfield code="b">BC</subfield>
    <subfield code="h">Volumen 05, N&#xFA;mero 01, Enero-Abril 1981</subfield>
    <subfield code="l">0</subfield>
    <subfield code="o">e1</subfield>
    <subfield code="p">61000005082736</subfield>
    <subfield code="y">REVISTAI</subfield>
  </datafield>
  <datafield tag="952" ind1=" " ind2=" ">
    <subfield code="0">0</subfield>
    <subfield code="1">0</subfield>
    <subfield code="4">0</subfield>
    <subfield code="7">0</subfield>
    <subfield code="8">PERIODICOS</subfield>
    <subfield code="a">BC</subfield>
    <subfield code="b">BC</subfield>
    <subfield code="h">Volumen 03, N&#xFA;mero 02, Mayo-Agosto 1979</subfield>
    <subfield code="l">0</subfield>
    <subfield code="o">e1</subfield>
    <subfield code="p">61000005082613</subfield>
    <subfield code="y">REVISTAI</subfield>
  </datafield>
  <datafield tag="952" ind1=" " ind2=" ">
    <subfield code="0">0</subfield>
    <subfield code="1">0</subfield>
    <subfield code="4">0</subfield>
    <subfield code="7">0</subfield>
    <subfield code="8">PERIODICOS</subfield>
    <subfield code="a">BC</subfield>
    <subfield code="b">BC</subfield>
    <subfield code="h">N&#xFA;mero 04, &#xCD;ndice acumulado anual, 1977</subfield>
    <subfield code="l">0</subfield>
    <subfield code="o">e2</subfield>
    <subfield code="p">61000005082859</subfield>
    <subfield code="y">REVISTAI</subfield>
  </datafield>
  <datafield tag="952" ind1=" " ind2=" ">
    <subfield code="0">0</subfield>
    <subfield code="1">0</subfield>
    <subfield code="4">0</subfield>
    <subfield code="7">0</subfield>
    <subfield code="8">PERIODICOS</subfield>
    <subfield code="a">BC</subfield>
    <subfield code="b">BC</subfield>
    <subfield code="h">Volumen 04, N&#xFA;mero 01, Enero-Abril 1980</subfield>
    <subfield code="l">0</subfield>
    <subfield code="o">e1</subfield>
    <subfield code="p">61000005082606</subfield>
    <subfield code="y">REVISTAI</subfield>
  </datafield>
  <datafield tag="952" ind1=" " ind2=" ">
    <subfield code="0">0</subfield>
    <subfield code="1">0</subfield>
    <subfield code="4">0</subfield>
    <subfield code="7">0</subfield>
    <subfield code="8">PERIODICOS</subfield>
    <subfield code="a">BC</subfield>
    <subfield code="b">BC</subfield>
    <subfield code="h">Volumen 04, N&#xFA;mero 02, Mayo-Agosto 1980</subfield>
    <subfield code="l">0</subfield>
    <subfield code="o">e2</subfield>
    <subfield code="p">61000005082675</subfield>
    <subfield code="y">REVISTAI</subfield>
  </datafield>
  <datafield tag="952" ind1=" " ind2=" ">
    <subfield code="0">0</subfield>
    <subfield code="1">0</subfield>
    <subfield code="4">0</subfield>
    <subfield code="7">0</subfield>
    <subfield code="8">PERIODICOS</subfield>
    <subfield code="a">BC</subfield>
    <subfield code="b">BC</subfield>
    <subfield code="h">N&#xFA;mero 04, &#xCD;ndice acumulado anual, 1977</subfield>
    <subfield code="l">0</subfield>
    <subfield code="o">e1</subfield>
    <subfield code="p">61000005082835</subfield>
    <subfield code="y">REVISTAI</subfield>
  </datafield>
  <datafield tag="952" ind1=" " ind2=" ">
    <subfield code="0">0</subfield>
    <subfield code="1">0</subfield>
    <subfield code="4">0</subfield>
    <subfield code="7">0</subfield>
    <subfield code="8">PERIODICOS</subfield>
    <subfield code="a">BC</subfield>
    <subfield code="b">BC</subfield>
    <subfield code="h">Volumen 06, N&#xFA;mero 01, Enero-Abril 1982</subfield>
    <subfield code="l">0</subfield>
    <subfield code="o">e2</subfield>
    <subfield code="p">61000005082927</subfield>
    <subfield code="y">REVISTAI</subfield>
  </datafield>
  <datafield tag="952" ind1=" " ind2=" ">
    <subfield code="0">0</subfield>
    <subfield code="1">0</subfield>
    <subfield code="4">0</subfield>
    <subfield code="7">0</subfield>
    <subfield code="8">PERIODICOS</subfield>
    <subfield code="a">BC</subfield>
    <subfield code="b">BC</subfield>
    <subfield code="h">Volumen 06, N&#xFA;mero 02, Mayo-Agosto 1982</subfield>
    <subfield code="l">0</subfield>
    <subfield code="o">e1</subfield>
    <subfield code="p">61000005082880</subfield>
    <subfield code="y">REVISTAI</subfield>
  </datafield>
  <datafield tag="952" ind1=" " ind2=" ">
    <subfield code="0">0</subfield>
    <subfield code="1">0</subfield>
    <subfield code="4">0</subfield>
    <subfield code="7">0</subfield>
    <subfield code="8">PERIODICOS</subfield>
    <subfield code="a">BC</subfield>
    <subfield code="b">BC</subfield>
    <subfield code="h">Volumen 07, N&#xFA;mero 03, Septiembre-Diciembre 1983</subfield>
    <subfield code="l">0</subfield>
    <subfield code="o">e1</subfield>
    <subfield code="p">61000005082958</subfield>
    <subfield code="y">REVISTAI</subfield>
  </datafield>
  <datafield tag="952" ind1=" " ind2=" ">
    <subfield code="0">0</subfield>
    <subfield code="1">0</subfield>
    <subfield code="4">0</subfield>
    <subfield code="7">0</subfield>
    <subfield code="8">PERIODICOS</subfield>
    <subfield code="a">BC</subfield>
    <subfield code="b">BC</subfield>
    <subfield code="h">Volumen 03, N&#xFA;mero 01, Enero-Abril 1979</subfield>
    <subfield code="l">0</subfield>
    <subfield code="o">e1</subfield>
    <subfield code="p">61000005082798</subfield>
    <subfield code="y">REVISTAI</subfield>
  </datafield>
  <datafield tag="952" ind1=" " ind2=" ">
    <subfield code="0">0</subfield>
    <subfield code="1">0</subfield>
    <subfield code="4">0</subfield>
    <subfield code="7">0</subfield>
    <subfield code="8">PERIODICOS</subfield>
    <subfield code="a">BC</subfield>
    <subfield code="b">BC</subfield>
    <subfield code="h">Volumen 04, N&#xFA;mero 02, Mayo-Agosto 1980</subfield>
    <subfield code="l">0</subfield>
    <subfield code="o">e1</subfield>
    <subfield code="p">61000005082668</subfield>
    <subfield code="y">REVISTAI</subfield>
  </datafield>
  <datafield tag="952" ind1=" " ind2=" ">
    <subfield code="0">0</subfield>
    <subfield code="1">0</subfield>
    <subfield code="4">0</subfield>
    <subfield code="7">0</subfield>
    <subfield code="8">PERIODICOS</subfield>
    <subfield code="a">BC</subfield>
    <subfield code="b">BC</subfield>
    <subfield code="h">Volumen 04, N&#xFA;mero 03, Septiembre-Diciembre 1980</subfield>
    <subfield code="l">0</subfield>
    <subfield code="o">e1</subfield>
    <subfield code="p">61000005082644</subfield>
    <subfield code="y">REVISTAI</subfield>
  </datafield>
  <datafield tag="952" ind1=" " ind2=" ">
    <subfield code="0">0</subfield>
    <subfield code="1">0</subfield>
    <subfield code="4">0</subfield>
    <subfield code="7">0</subfield>
    <subfield code="8">PERIODICOS</subfield>
    <subfield code="a">BC</subfield>
    <subfield code="b">BC</subfield>
    <subfield code="h">Volumen 07, N&#xFA;mero 01, Enero-Abril 1983</subfield>
    <subfield code="l">0</subfield>
    <subfield code="o">e1</subfield>
    <subfield code="p">61000005082866</subfield>
    <subfield code="y">REVISTAI</subfield>
  </datafield>
  <datafield tag="952" ind1=" " ind2=" ">
    <subfield code="0">0</subfield>
    <subfield code="1">0</subfield>
    <subfield code="4">0</subfield>
    <subfield code="7">0</subfield>
    <subfield code="8">PERIODICOS</subfield>
    <subfield code="a">BC</subfield>
    <subfield code="b">BC</subfield>
    <subfield code="h">Volumen 05, N&#xFA;mero 01, Enero-Abril 1981</subfield>
    <subfield code="l">0</subfield>
    <subfield code="o">e1</subfield>
    <subfield code="p">61000005082705</subfield>
    <subfield code="y">REVISTAI</subfield>
  </datafield>
  <datafield tag="952" ind1=" " ind2=" ">
    <subfield code="0">0</subfield>
    <subfield code="1">0</subfield>
    <subfield code="4">0</subfield>
    <subfield code="7">0</subfield>
    <subfield code="8">PERIODICOS</subfield>
    <subfield code="a">BC</subfield>
    <subfield code="b">BC</subfield>
    <subfield code="h">Volumen 07, N&#xFA;mero 02, Mayo-Agosto 1983</subfield>
    <subfield code="l">0</subfield>
    <subfield code="o">e1</subfield>
    <subfield code="p">61000005082965</subfield>
    <subfield code="y">REVISTAI</subfield>
  </datafield>
  <datafield tag="952" ind1=" " ind2=" ">
    <subfield code="0">0</subfield>
    <subfield code="1">0</subfield>
    <subfield code="4">0</subfield>
    <subfield code="7">0</subfield>
    <subfield code="8">PERIODICOS</subfield>
    <subfield code="a">BC</subfield>
    <subfield code="b">BC</subfield>
    <subfield code="h">N&#xFA;mero 02, Mayo-Agosto 1977</subfield>
    <subfield code="l">0</subfield>
    <subfield code="o">e1</subfield>
    <subfield code="p">61000005082750</subfield>
    <subfield code="y">REVISTAI</subfield>
  </datafield>
  <datafield tag="952" ind1=" " ind2=" ">
    <subfield code="0">0</subfield>
    <subfield code="1">0</subfield>
    <subfield code="4">0</subfield>
    <subfield code="7">0</subfield>
    <subfield code="8">PERIODICOS</subfield>
    <subfield code="a">BC</subfield>
    <subfield code="b">BC</subfield>
    <subfield code="h">N&#xFA;mero 03, Septiembre-Diciembre 1977</subfield>
    <subfield code="l">0</subfield>
    <subfield code="o">e2</subfield>
    <subfield code="p">61000005082842</subfield>
    <subfield code="y">REVISTAI</subfield>
  </datafield>
  <datafield tag="952" ind1=" " ind2=" ">
    <subfield code="0">0</subfield>
    <subfield code="1">0</subfield>
    <subfield code="4">0</subfield>
    <subfield code="7">0</subfield>
    <subfield code="8">PERIODICOS</subfield>
    <subfield code="a">BC</subfield>
    <subfield code="b">BC</subfield>
    <subfield code="h">Volumen 02, N&#xFA;mero 01-02, Enero-Abril 1978</subfield>
    <subfield code="l">0</subfield>
    <subfield code="o">e2</subfield>
    <subfield code="p">61000005082828</subfield>
    <subfield code="y">REVISTAI</subfield>
  </datafield>
  <datafield tag="952" ind1=" " ind2=" ">
    <subfield code="0">0</subfield>
    <subfield code="1">0</subfield>
    <subfield code="4">0</subfield>
    <subfield code="7">0</subfield>
    <subfield code="8">PERIODICOS</subfield>
    <subfield code="a">BC</subfield>
    <subfield code="b">BC</subfield>
    <subfield code="h">Volumen 07, N&#xFA;mero 03, Septiembre-Diciembre 1983</subfield>
    <subfield code="l">0</subfield>
    <subfield code="o">e2</subfield>
    <subfield code="p">61000005082934</subfield>
    <subfield code="y">REVISTAI</subfield>
  </datafield>
  <datafield tag="952" ind1=" " ind2=" ">
    <subfield code="0">0</subfield>
    <subfield code="1">0</subfield>
    <subfield code="4">0</subfield>
    <subfield code="7">0</subfield>
    <subfield code="8">PERIODICOS</subfield>
    <subfield code="a">BC</subfield>
    <subfield code="b">BC</subfield>
    <subfield code="h">Volumen 02, N&#xFA;mero 03, Septiembre-Diciembre 1978</subfield>
    <subfield code="l">0</subfield>
    <subfield code="o">e1</subfield>
    <subfield code="p">61000005082811</subfield>
    <subfield code="y">REVISTAI</subfield>
  </datafield>
  <datafield tag="952" ind1=" " ind2=" ">
    <subfield code="0">0</subfield>
    <subfield code="1">0</subfield>
    <subfield code="4">0</subfield>
    <subfield code="7">0</subfield>
    <subfield code="8">PERIODICOS</subfield>
    <subfield code="a">BC</subfield>
    <subfield code="b">BC</subfield>
    <subfield code="h">Volumen 03, N&#xFA;mero 03, Septiembre-Diciembre 1979</subfield>
    <subfield code="l">0</subfield>
    <subfield code="o">e2</subfield>
    <subfield code="p">61000005082620</subfield>
    <subfield code="y">REVISTAI</subfield>
  </datafield>
  <datafield tag="952" ind1=" " ind2=" ">
    <subfield code="0">0</subfield>
    <subfield code="1">0</subfield>
    <subfield code="4">0</subfield>
    <subfield code="7">0</subfield>
    <subfield code="8">PERIODICOS</subfield>
    <subfield code="a">BC</subfield>
    <subfield code="b">BC</subfield>
    <subfield code="h">N&#xFA;mero 01, Enero-Abril 1977</subfield>
    <subfield code="l">0</subfield>
    <subfield code="o">e1</subfield>
    <subfield code="p">61000005082774</subfield>
    <subfield code="y">REVISTAI</subfield>
  </datafield>
</record>
